Instrumental methods of analysis (Record no. 329643)
[ view plain ]
| 000 -LEADER | |
|---|---|
| fixed length control field | 00958cam a2200265 4500 |
| 001 - CONTROL NUMBER | |
| control field | 4559710 |
| 003 - CONTROL NUMBER IDENTIFIER | |
| control field | NUST |
| 005 - DATE AND TIME OF LATEST TRANSACTION | |
| control field | 20170516155330.0 |
| 008 - FIXED-LENGTH DATA ELEMENTS--GENERAL INFORMATION | |
| fixed length control field | 740619s1974 nyua b 001 0 eng |
| 010 ## - LIBRARY OF CONGRESS CONTROL NUMBER | |
| LC control number | 73009122 |
| 020 ## - INTERNATIONAL STANDARD BOOK NUMBER | |
| International Standard Book Number | 0442294794 |
| 040 ## - CATALOGING SOURCE | |
| Original cataloging agency | DLC |
| Transcribing agency | DLC |
| Modifying agency | DLC |
| 050 00 - LIBRARY OF CONGRESS CALL NUMBER | |
| Classification number | QD79.I5 |
| Item number | W54 1974 |
| 082 00 - DEWEY DECIMAL CLASSIFICATION NUMBER | |
| Classification number | 543.08 WIL |
| 100 1# - MAIN ENTRY--PERSONAL NAME | |
| Personal name | Willard, Hobart H. |
| Fuller form of name | (Hobart Hurd), |
| Dates associated with a name | 1881-1974. |
| 9 (RLIN) | 918 |
| 245 10 - TITLE STATEMENT | |
| Title | Instrumental methods of analysis |
| Statement of responsibility, etc. | [by] Hobart H. Willard, Lynne L. Merritt, Jr. [and] John A. Dean. |
| 250 ## - EDITION STATEMENT | |
| Edition statement | 5th ed. |
| 260 ## - PUBLICATION, DISTRIBUTION, ETC. | |
| Place of publication, distribution, etc. | New York, |
| Name of publisher, distributor, etc. | Van Nostrand |
| Date of publication, distribution, etc. | [1974] |
| 300 ## - PHYSICAL DESCRIPTION | |
| Extent | xix, 860 p. |
| Other physical details | illus. |
| Dimensions | 24 cm. |
| 500 ## - GENERAL NOTE | |
| General note | H.B |
| 504 ## - BIBLIOGRAPHY, ETC. NOTE | |
| Bibliography, etc. note | Includes bibliographies. |
| 650 #0 - SUBJECT ADDED ENTRY--TOPICAL TERM | |
| Topical term or geographic name entry element | Instrumental analysis. |
| 9 (RLIN) | 706 |
| 700 1# - ADDED ENTRY--PERSONAL NAME | |
| Personal name | Merritt, Lynne L. |
| Fuller form of name | (Lynne Lionel), |
| Dates associated with a name | 1915-2001 |
| Relator term | joint author. |
| 9 (RLIN) | 919 |
| 700 1# - ADDED ENTRY--PERSONAL NAME | |
| Personal name | Dean, John A. |
| Fuller form of name | (John Aurie), |
| Dates associated with a name | 1921-2001 |
| Relator term | joint author. |
| 9 (RLIN) | 282 |
| 906 ## - LOCAL DATA ELEMENT F, LDF (RLIN) | |
| a | 7 |
| b | cbc |
| c | orignew |
| d | 2 |
| e | ocip |
| f | 19 |
| g | y-gencatlg |
| 942 ## - ADDED ENTRY ELEMENTS (KOHA) | |
| Source of classification or shelving scheme | |
| Koha item type | Book |
| Call number prefix | 543.08 WIL |
| Withdrawn status | Lost status | Source of classification or shelving scheme | Damaged status | Not for loan | Collection code | Permanent Location | Current Location | Shelving location | Date acquired | Total Checkouts | Full call number | Barcode | Date last seen | Price effective from | Koha item type |
|---|---|---|---|---|---|---|---|---|---|---|---|---|---|---|---|
| Institute of Environmental Science and Engineering (IESE) | Institute of Environmental Science and Engineering (IESE) | General Stacks | 05/16/2017 | 543.08 WIL | IESE-41 | 05/16/2017 | 05/16/2017 | Book |
